[Event "GER-ch U10"]
[Site "Willingen"]
[Date "2015.05.30"]
[Round "11"]
[White "Zwecker, Hagen"]
[Black "Bress, Amy Charlize"]
[Result "1/2-1/2"]
[WhiteElo "1145"]
[BlackElo "941"]
[PlyCount "96"]
[EventDate "2015.05.24"]
[EventType "swiss"]
[EventRounds "11"]
[EventCountry "GER"]
[SourceTitle "CBM 166 Extra"]
[Source "ChessBase"]
[SourceDate "2015.06.18"]
[SourceVersion "1"]
[SourceVersionDate "2015.06.18"]
[SourceQuality "1"]

1. e4 c5 2. Nf3 d6 3. Nc3 g6 4. Bc4 Bg7 5. d3 e6 6. Be3 Nc6 7. Bb5 Bd7 8. Qd2 Nd4 9. Bxd7+ Qxd7 10. Bxd4 cxd4 11. Ne2 e5 12. 0-0 Rc8 13. c3 dxc3 14. Nxc3 Ne7 15. Rac1 0-0 16. Qe3 b6 17. Rc2 Rc7 18. Rfc1 Rfc8 19. Qd2 Kh8 20. Ng5 f6 21. Nf3 Ng8 22. d4 Bh6 23. Qd1 Bxc1 24. Qxc1 exd4 25. Nxd4 Rc4 26. Ndb5 a6 27. Na3 R4c6 28. Nab1 f5 29. exf5 gxf5 30. Rd2 Rc5 31. h3 Nf6 32. Qe1 Re8 33. Qd1 Re6 34. Na4 Rc6 35. b4 b5 36. Nc5 Qe7 37. Nxe6 Qxe6 38. Na3 d5 39. Kh2 Qe5+ 40. g3 Qd6 41. Nc2 f4 42. Qf3 fxg3+ 43. fxg3 Ne4 44. Re2 Rc3 45. Qf4 Qxf4 46. gxf4 Kg7 47. Nd4 Kf6 48. Rg2 Rd3 1/2-1/2